Music Quiz

Random Music Quiz

Ke$ha Lyrics Quiz Stats

 Plays Quiz not verified by Sporcle

Also try: History In Song II
Challenge
Share
Tweet
Embed
Score 0/199 Timer 10:00
0 Plays Today
% Correct
the
96.1%
the
96.1%
a
96.1%
the
96.1%
the
96.1%
a
96.1%
the
96.1%
the
96.1%
the
96.1%
a
96.1%
the
96.1%
And
96.1%
the
96.1%
the
96.1%
the
96.1%
the
96.1%
the
96.1%
I
91%
I
91%
I
91%
we
82.6%
we
82.6%
we
82.6%
we
82.6%
in
75.3%
in
75.3%
in
75.3%
my
74.2%
my
74.2%
my
74.2%
my
74.2%
my
74.2%
my
74.2%
to
73.6%
to
73.6%
to
73.6%
to
73.6%
of
70.8%
of
70.8%
on
68.5%
on
68.5%
on
68.5%
on
68.5%
it
68%
it
68%
I'm
66.3%
I'm
66.3%
I'm
66.3%
up
65.7%
up
65.7%
up
65.7%
up
65.7%
up
65.7%
up
65.7%
like
65.2%
like
65.2%
back
64.6%
this
64%
Wake
63.5%
morning
63.5%
feeling
62.9%
with
62.9%
P-Diddy
62.4%
when
61.8%
for
61.8%
ain't
61.8%
party
61.8%
% Correct
Ain't
61.8%
Ain't
61.8%
party
61.8%
brush
60.7%
bottle
60.7%
Jack
60.7%
Don't
60.7%
don't
60.7%
Don't
60.7%
don't
60.7%
gonna
60.1%
teeth
60.1%
night
60.1%
stop
60.1%
stop
60.1%
gonna
60.1%
stop
60.1%
stop
60.1%
out
59.6%
hit
59.6%
coming
59.6%
city
59%
Tik Tok
59%
Tik Tok
59%
glasses
58.4%
leave
58.4%
leave
58.4%
clock
58.4%
clock
58.4%
blow
57.9%
but
57.9%
but
57.9%
but
57.9%
But
57.9%
blow
57.9%
but
57.9%
Cause
57.3%
cause
57.3%
door
56.7%
Tonight
56.7%
til
56.7%
see
56.7%
got
56.7%
got
56.7%
got
56.7%
got
56.7%
Tonight
56.7%
til
56.7%
see
56.7%
no
56.2%
no
56.2%
no
56.2%
all
55.1%
boys
55.1%
boys
55.1%
trying
54.5%
trying
54.5%
make
54.5%
fight
54.5%
are
54.5%
trying
54.5%
make
54.5%
fight
54.5%
Before
53.9%
get
53.9%
DJ
53.9%
sunlight
53.9%
% Correct
DJ
53.9%
sunlight
53.9%
speakers
53.4%
speakers
53.4%
toes, toes
52.8%
clothes, clothes
52.8%
pedicure
52.2%
I'm talking
51.7%
I'm talking
51.7%
our
51.1%
our
51.1%
our
51.1%
our
51.1%
pop
50%
pop
50%
blowing
48.9%
they
48.9%
they
48.9%
they
48.9%
phones, phones
46.1%
kick
46.1%
Grab
44.9%
tipsy
44.4%
here
44.4%
Imma
43.8%
Imma
43.8%
little
43.3%
beer
43.3%
look
43.3%
money
42.7%
pocket
41.6%
already
41.6%
curb
41.6%
Mick Jagger
41.6%
care
41%
em
41%
unless
41%
em
41%
if
41%
swagger
40.4%
too
40.4%
drunk, drunk
40.4%
plenty
39.9%
playing
39.3%
world
39.3%
hear
39.3%
junk, junk
39.3%
dude's
38.8%
lining
38.8%
favorite
38.2%
CDs
38.2%
touch
37.1%
now
36%
getting
36%
getting
36%
parties
32.6%
crunk, crunk
32.6%
everybody
31.5%
smack
29.8%
pulling
23%
Drop-toppin
14.6%
Oh-woah-woah-oh
3.4%
Oh-woah-woah-oh
3.4%
Oh-woah-woah-oh
3.4%
Oh-woah-woah-oh
3.4%

You're not logged in!

Compare scores with friends on all Sporcle quizzes.
OR
Log In

You Might Also Like...

Show Comments

Extras

Created Feb 8, 2011ReportNominate

Top Quizzes Today


Score Distribution

Your Account Isn't Verified!

In order to create a playlist on Sporcle, you need to verify the email address you used during registration. Go to your Sporcle Settings to finish the process.

Report this User

Report this user for behavior that violates our Community Guidelines.

Details: